00670 2200229 4500001002100000005001500021035002000036245007700056100002800133300002700161700003800188264002900226336002100255337003000276338001800306082001000324084001600334020002200350650001400372008004100386990001300427INLIS00000000000233020250805102849 a0010-08250000601 aHealing :bsebuah proses penyembuhan diri dan luka batin /cRatni Anjani0 aRatni AnjaniePengarang aviii +152 hal ;c20 cm0 aTristanti Tri WahyuniePenyunting aKlaten :bJendela,c2022 2rdacontentaTeks 2rdamediaaTanpa Perantara 2rdacarriera- a258.1 a258.1 RAT h a978-602-52549-5-6 4aPsikologi250805 0  a25000556